000 00545nam a22001577a 4500
003 NUST
082 _a610
100 _a NADEEM ,AROOSA YOUNIS
_9122414
245 _aFabrication and Characterization of Carbon Coating on Biomedical Implant /
_cAROOSA YOUNIS NADEEM
264 _aIslamabad:
_bSMME- NUST.
_c2021.
300 _a77p. ;
_bSoft Copy,
_c30cm.
650 _aMS Biomedical Sciences (BMS
700 _a Supervisor: DR. MURTAZA NAJABAT ALI
_9119580
856 _uhttp://10.250.8.41:8080/xmlui/handle/123456789/26237
942 _2ddc
_cTHE
999 _c608909
_d608909